| 000 | 00710nam a2200193 a 4500 | ||
|---|---|---|---|
| 005 | 20140412111407.0 | ||
| 008 | 061208s19uu xx 00 eng d | ||
| 020 | _a0-439-26082-5 | ||
| 050 |
_aTR(GS 372.4 _bR22 2002 |
||
| 100 | _aReutzel, D. Ray | ||
| 245 |
_aYour classroom library : _bNew ways to give it more teaching power / _cD. Ray Reutzel. |
||
| 260 |
_aUSA : _bScholastic, _c2002. |
||
| 300 | _a128 | ||
| 440 | _aScholastic teaching strategies | ||
| 500 | _aGrades K-6-- "Great teacher- tested and research-based strategies for organizing and using lirary to increase students' reading achievemnet" | ||
| 650 | _aReading (elementary) | ||
| 650 | _aChildren- books and reading | ||
| 999 |
_c105588 _d105588 |
||